| 000 | 01335nam a2200265Ia 4500 | ||
|---|---|---|---|
| 999 |
_c43782 _d43782 |
||
| 001 | 10527 | ||
| 003 | GE_BSU | ||
| 005 | 20220912115227.0 | ||
| 008 | 181216s2012||||ge |||||||||||||| ||geo|| | ||
| 020 | _a9789941181238 | ||
| 040 | _cGE_BSU | ||
| 041 | _ageo | ||
| 080 | _a37+17.022+316 კ-23 | ||
| 100 |
_aკანტი, იმანუელ _9757 |
||
| 245 |
_aრა არის განმანათლებლობა? _cიმანუელ კანტი, მიშელ ფუკო ; თარგმ., რედ. და ბოლოსიტყვა გიგა ზედანიასი ; შესავ. გამოკვლევა გიგი თევზაძისა. |
||
| 264 |
_aთბილისი : _b ილიას სახელმწ. უნ-ტი, _c2012 |
||
| 300 |
_a101 გვ.; _b16 სმ. |
||
| 653 | _aგანმანათლებლები | ||
| 653 | _aპედაგოგიკა | ||
| 700 |
_aფუკო, მიშელ _eავტორო _914576 |
||
| 700 |
_aზედანია, გიგა _eრედ.-მთარგმნ. _914217 |
||
| 700 |
_aრატიანი, სერგო _eრედაქტორი _914577 |
||
| 700 |
_aთევზაძე, გიგი _eშეს. გამოკვლევა _9750 |
||
| 942 |
_cBK _2udc |
||